| 000 | 00839cam a22002174a 4500 | ||
|---|---|---|---|
| 005 | 20250605164249.0 | ||
| 008 | 250528s ||||||||||||||||||||||||d | ||
| 035 | _a21651 | ||
| 020 | _a9780137200382 | ||
| 040 |
_aGR-AtMCL _bgre _dGR-AtMCL _eAACR2 |
||
| 245 | 1 | _aADVERTISING AND THE PROMOTION INDUSTRY | |
| 250 | _a1 | ||
| 260 |
_bPrentice Hall, _c1994 |
||
| 300 | _a117 | ||
| 505 | 0 | _aPROMOTION THROUGH HISTORY SALES PROMOTION PUBLIC RELATIONS AND PERSONAL SELLING ADVERTISING ADVERTISING CAMPAIGNS THE MEDIA ADVERTISING CULTURE ADVERTISING STANDARDS | |
| 520 | _aPROMOTION THROUGH HISTORY SALES PROMOTION PUBLIC RELATIONS AND PERSONAL SELLING ADVERTISING ADVERTISING CAMPAIGNS THE MEDIA ADVERTISING CULTURE ADVERTISING STANDARDS | ||
| 700 | 1 |
_aSt John Maggie Jo _97587 |
|
| 942 | _cBK | ||
| 999 |
_c6712 _d6712 |
||